The Godfather Novel Multiple Choice - Statistics

General Stats
  • This quiz has been taken 203 times
    155 since last reset
  • The average score is 11 of 15
Answer Stats
Question Answer % Correct
While hiding out in Sicily, what near-death experience does Michael survive? Bomb placed in his car
95%
Where did the idea of the last name Corleone come from? The name of the village in Italy Vito was born into
95%
What business was seen as the legal face of the Corleone family wealth to the outside world? Olive Oil importation
92%
Which decision of Michael's enraged the Don who saw to it as extremely unnecessary? To enlist in the Marines in WWII
86%
Where do the Corleone's plan to take the family business to after the death of the Don? Las Vegas
85%
Who played Vito Corleone in the film adaptation of the novel directed by Francis Ford Coppola? Marlon Brando
82%
"I'll make him an offer he can't refuse" is one of the most famous quotes of the novel. What is the context to why an offer is needed in the first place? Johnny Fontane needs to revive his career but the studio refuses to give him a role
77%
Tom's appointment to consigliere was frowned upon by the other families because...? He was not of Sicilian blood
72%
Why does Kay become a stout Catholic at the end of the novel? She is terrified by Michael's actions and does so to pray for his soul
72%
Who was bribed to help lure Sonny Corleone out of the family mall to his death? Carlo Rizzi
71%
All of the following are names of the wives of the Corleone sons EXCEPT? Lucy
68%
True or False? Although becoming very rich and popular, Nino Valenti still hates the Hollywood lifestyle and all of the fame that comes with being a movie star which is why he drinks himself to oblivion True
63%
What action in particular is Don Vito very old-school with and against all together? He even puts his own son Fredo in bad graces as a result of this action. Sex outside marriage
60%
All of the following are families in the New York underground scene EXCEPT? Tommasino
60%
True or False? Vito was devastated by the death of Sonny because he was the clear choice of the Don to take over the family business False
46%
No matching quizzes found
Score Distribution
Percent of People with Each Score
Percentile by Number Answered
Your Score History
You have not taken this quiz since the last reset